| 000 | 00000nam##2200000za#4500 |
| 001 | 9.601229 |
| 003 | CaOODSP |
| 005 | 20210624205954 |
| 007 | cr ||||||||||| |
| 008 | 150406|1997||||xxc|||||o f|0| 0 fre|d |
| 040 | |aCaOODSP|bfre |
| 043 | |an-cn--- |
| 086 | 1 |aC21-24/17-1997F-PDF |
| 110 | 1 |aCanada.|bIndustrie Canada. |bDirection de l'analyse micro-économique. |
| 245 | 10|aIncidence sur l'économie mondiale des réformes en matière d'investissement étranger et de commerce mises en oeuvre en Chine / |h[ressource électronique]|cpar Winnie Lam. |
| 260 | |aOttawa - Ontario : |bIndustrie Canada. |cOctobre 1997. |
| 300 | |a101p.|bfigures, graphiques, tableaux |
| 490 | 1 |aSérie de document de travail|vN° 17 |
| 500 | |aLe nº de catalogue (C21-24/17-1997) et l'ISBN (0-662-63184-6) de l'édition imprimée bilingue ont été incorrectement copiés dans cette édition électronique. |
| 504 | |aBibliographie. |
| 590 | |a12-10-Supp|b2012-03-23 |
| 720 | 1 |aLam, Winnie |
| 775 | 08|tImpact of China's trade and foreign investment reforms on the world economy / |w(CaOODSP)9.570580 |
| 776 | 0#|tImpact of China's trade and foreign investment reforms on the world economy / |w(CaOODSP)9.529462 |
| 776 | 0#|tIncidence sur l'économie mondiale des réformes en matière d'investissement étranger et de commerce mises en oeuvre en Chine / |w(CaOODSP)9.529463 |
| 830 | #0|aSérie de document de travail ;|vN° 17|w(CaOODSP)9.501123 |
| 856 | 40|ahttp://publications.gc.ca|qPDF|s1.84 Mo|uhttps://publications.gc.ca/collections/Collection/C21-24-17-1997F.pdf|yN° 17 |